| 000 | 00756nam a2200217 i 4500 | ||
|---|---|---|---|
| 001 | bg | ||
| 245 | 0 | 0 |
_aNowe zarządzanie publiczne w polskim samorządzie terytorialnym / _cpod red. Alojzego Zalewskiego. |
| 260 |
_aWarszawa : _bSzkoła Główna Handlowa. Oficyna Wydawnicza, _c2005. |
||
| 300 |
_a407 s. : _brys., wykr. ; _c24 cm. |
||
| 504 | _aBibliogr. przy rozdz. | ||
| 650 | 9 |
_aSamorząd terytorialny _xorganizacja _zPolska _yod 1989 r. |
|
| 700 | 1 |
_aZALEWSKI, Alojzy. _eRed. |
|
| 020 | _a8373781293 | ||
| 040 | _cBPK | ||
| 041 | 0 | _apol | |
| 080 | _a352/353(438)"1989/..." | ||
| 920 | _a83-7378-129-3 | ||
| 942 | _cKS | ||
| 008 | s pl f |000 0 pol | ||
| 999 |
_c45771 _d45771 |
||
| 856 |
_uhttp://koha.tu.koszalin.pl/cgi-bin/koha/opac-detail.pl?biblionumber=45771 _yKatalog online BPK |
||